Etimologičeskij slovar' slavjanskich jazykov praslavjanskij leksičeskij fond Vyp. 32, (obz'n'' - orzbotati)

Bibliographic Details
Corporate Author: Rossijskaja akademija nauk Institut russkogo jazyka im. V. V. Vinogradova (Author)
Other Authors: Trubačev, O. N. (Editor), Žuravlev, Anatolij Fedorovič (Editor)
Format: Book
Language:Russian
Published: Moskva Nauka 2005
ISBN:5020338680 (viaz.)
Subjects:

MARC

LEADER 00000nam a2200000 a 4500
001 vtls008900122
003 SK-MaSNL
005 20260302004914.0
008 170706s2005 ru d 000 0 rus
015 |a SNBZSA2007-00375 
020 |a 5020338680 (viaz.) 
035 |a 43DC5216-F989-4E39-BAC3-95187B4B9BBB 
035 |a urn:nbn:sk:snk-amlj7f 
035 |a urn:nbn:sk:snk-am00br8p 
040 |a SNK  |b slo  |c SNK  |e AACR2 
041 0 |a rus 
044 |a ru  |c RU 
072 7 |a 811.16  |x Slovanské jazyky  |2 konspekt 
080 |a 811.16`376.6  |2 2001 
080 |a 811.16`374.4  |2 2001 
245 0 0 |a Etimologičeskij slovar' slavjanskich jazykov  |b praslavjanskij leksičeskij fond  |n Vyp. 32, (obz'n'' - orzbotati)  |c pod redakcijej O. N. Trubačeva i A.F. Žuravleva 
260 |a Moskva  |b Nauka  |c 2005 
500 |a 1650 výt. 
504 |a Bibliogr. 
650 0 7 |a slovanské jazyky  |2 SNKPH  |9 1338 
655 7 |a etymologické slovníky  |2 SNKPH  |9 70765 
700 1 |a Trubačev, O. N.  |4 edt  |9 282256 
700 1 |a Žuravlev, Anatolij Fedorovič  |4 edt  |9 485839 
710 0 |a Rossijskaja akademija nauk  |b Institut russkogo jazyka im. V. V. Vinogradova  |4 aut  |9 310807 
919 |a 5-02-033868-0 
958 |a ZS 
958 |a SS 
958 |a NB 
999 |c 997635  |d 999565 
952 |a SNK  |b SNK  |y PREZ  |7 0  |p 17A0535446  |o snkSC 48521/32  |i snk2007/6609  |8 2  |g 12.61  |0 0  |1 0  |4 0  |d 2006-12-12  |f 1  |l 0  |r 2025-10-31 00:00:00  |w 2026-02-24 
952 |t snkETI/32 808.1(038)  |a SNKUST  |b SNKUST  |y PREZ  |7 0  |p 17A0544765  |o snkSC 48521/32 D1  |i snk2007/9954  |8 2  |g 12.65  |0 0  |1 0  |4 0  |d 2007-02-01  |l 0  |r 2025-05-29 00:00:00  |w 2026-02-24